00836nam a22002537a 4500999001500000001000600015003000900021005001700030008004100047020001500088040003600103082002200139100002400161245009400185260004100279300002200320504001300342650002500355650001100380700002500391700003700416942001200453952011700465 c8427d842722038BD-DhUAP20240401125046.0240314b1997 us |||| |||| 001 0deng d a0393041301 aBD-ChCUbengcBD-ChCUdBD-DhUAP 223a808.81927 WOR aWashburn, Katharine a World poetry :bAn anthology of verse from antiquity of our time /c Katharine Washburn. aLondon :bW.W. Norton & Co. ;c1998. axxii,1338c23 cm. aIncludes aPoetry - Collections aPoetry aMajor, JohnseEditor aEadiman, CliftoneGeneral editor 2ddccBK 00102ddc4070aUAPCLbUAPCLcGeneral Stacksd2024-03-14o808.81927 WORp3010022038r2024-03-14t1v4050.00yBK